Štatistická analýza vývoja príjmovej chudoby v SR bakalárska práca

Saved in:
Bibliographic Details
Main Author: Hodásová, Katarína
Corporate Author: Fakulta hospodárskej informatiky EU. Katedra štatistiky
Other Authors: Šoltés, Erik, 1974-
Format: Book
Language:Slovak
Published: Bratislava 2011
Tags: Add Tag
No Tags, Be the first to tag this record!

MARC

LEADER 00000nbm a2200000 4500
001 0140964
005 20161109111724.8
041 0 |a slo 
044 |a SK 
245 1 0 |a Štatistická analýza vývoja príjmovej chudoby v SR  |b bakalárska práca  |c Katarína Hodásová ; školiteľ: Erik Šoltés 
264 1 |a Bratislava  |c 2011 
300 |a 37 s. 
100 1 |a Hodásová, Katarína 
700 1 |a Šoltés, Erik, 1974- 
710 2 |a Fakulta hospodárskej informatiky EU. Katedra štatistiky